000 00616nam a2200169 a 4500
001 000006825
005 20200929154013.0
008 090903s1981 dr 000 0 spa d
040 _aDO-SdBNP
_bspa
_cBNPHU
082 _axxx
_bL791e
100 1 _aLlibre, Julio
_918969
245 1 3 _aEl encaje legal y el redescuento como instrumentos de política crediticia en América Latina /
_cJulio Llibre.
260 _aSanto Domingo :
_bCentro de Estudios Monetarios y Bancarios,
_c1981.
300 _a69 p. ;
_c22 cm.
500 _aIncluye notas al pie de las páginas
504 _aIncluye referencias bibliográficas (p. 67-69)
999 _c6613
_d6613